[Event "UGA olympic qual (Women)"]
[Site "Kampala"]
[Date "2022.03.05"]
[Round "2"]
[White "Hannah Zion, Mawejje"]
[Black "Namaganda, Christine"]
[Result "1-0"]
[WhiteElo "1301"]
[BlackElo "1654"]
[PlyCount "57"]
[EventDate "2022.03.05"]
[EventType "tourn"]
[EventRounds "13"]
[EventCountry "UGA"]
[SourceTitle "EXT 2023"]
[Source "ChessBase"]
[SourceDate "2022.10.05"]
[SourceVersion "1"]
[SourceVersionDate "2022.10.05"]
[SourceQuality "1"]

1. e4 d6 2. d4 Nf6 3. Nc3 g6 4. Nf3 Bg4 5. Be2 Nbd7 6. 0-0 c6 7. Bf4 Bg7 8. h3 Bxf3 9. Bxf3 Qc7 10. Re1 e5 11. dxe5 dxe5 12. Bg3 0-0-0 13. Bg4 h5 14. Be2 Nc5 15. Bd3 g5 16. Qf3 Nh7 17. Qxh5 Nxd3 18. cxd3 Rxd3 19. Rac1 f6 20. Nb5 Qb6 21. Qf7 Rd7 22. Nd6+ Kd8 23. Qe6 Nf8 24. Qe8+ Kc7 25. Red1 Rxd6 26. Rxd6 Kxd6 27. Rd1+ Kc5 28. Qe7+ Kb5 29. Qxg7 1-0

[Event "UGA-ch op"]
[Site "Kampala"]
[Date "2022.02.17"]
[Round "2"]
[White "Nabaggala, Vanessa"]
[Black "Namaganda, Christine"]
[Result "0-1"]
[WhiteElo "1239"]
[BlackElo "1649"]
[PlyCount "116"]
[EventDate "2022.02.17"]
[EventType "swiss"]
[EventRounds "8"]
[EventCountry "UGA"]
[SourceTitle "EXT 2023"]
[Source "ChessBase"]
[SourceDate "2022.10.05"]
[SourceVersion "1"]
[SourceVersionDate "2022.10.05"]
[SourceQuality "1"]

1. e4 d6 2. d4 Nf6 3. Nc3 g6 4. f4 Bg7 5. Nf3 Bg4 6. Be2 c6 7. 0-0 Nbd7 8. e5 dxe5 9. fxe5 Nd5 10. Bd2 Qb6 11. Na4 Qc7 12. Ng5 Bxe2 13. Qxe2 0-0-0 14. Nxf7 b5 15. Nxh8 Bxh8 16. Nc3 Qb6 17. Qe4 Bxe5 18. Ne2 N5f6 19. Qd3 Bb8 20. a4 Qc7 21. Bf4 e5 22. dxe5 Nxe5 23. Qc3 Nd5 24. Qxe5 Qxe5 25. Bxe5 Bxe5 26. axb5 Ne3 27. Rf7 Nxc2 28. Raxa7 cxb5 29. Rxh7 Bd6 30. Ra8+ Bb8 31. Ra6 Nb4 32. Ra8 Nc6 33. Nf4 Ne5 34. Ne6 Rd1+ 35. Kf2 Nd7 36. h4 Kb7 37. Ra2 Kc6 38. Ke2 Rd5 39. Rg7 Re5+ 40. Kf3 Rxe6 41. Ra6+ Nb6 42. Rg8 Bc7 43. Kg4 Kd5 44. Rg7 Bd8 45. Ra1 Re4+ 46. Kf3 Bxh4 47. Rxg6 Nc4 48. Rd1+ Rd4 49. Rxd4+ Kxd4 50. Rg4+ Kd3 51. Rxh4 Kc2 52. Rh5 b4 53. Rc5 Kd3 54. g3 Nxb2 55. Rb5 Kc3 56. g4 Nc4 57. g5 Nd6 58. Rb6 Nf7 0-1

[Event "Olympiad Women-43"]
[Site "Batumi"]
[Date "2018.10.04"]
[Round "10.2"]
[White "Chukwuemeka Ehirim, Chinyere"]
[Black "Namaganda, Christine"]
[Result "0-1"]
[WhiteElo "1871"]
[BlackElo "1581"]
[PlyCount "104"]
[EventDate "2018.09.24"]
[EventType "team-swiss"]
[EventRounds "11"]
[EventCountry "GEO"]
[SourceTitle "EXT 2020"]
[Source "ChessBase"]
[SourceDate "2019.10.17"]
[SourceVersion "1"]
[SourceVersionDate "2019.10.17"]
[SourceQuality "1"]
[WhiteTeam "Nigeria (W)"]
[BlackTeam "Uganda (W)"]
[WhiteTeamCountry "NGR"]
[BlackTeamCountry "UGA"]

1. Nf3 Nf6 2. d4 d6 3. e3 g6 4. b3 Bg7 5. Bb2 c6 6. Nbd2 Nbd7 7. Bd3 b5 8. a3 d5 9. b4 Nb6 10. 0-0 Qc7 11. Ne5 0-0 12. f4 Nc4 13. Nexc4 bxc4 14. Be2 a5 15. c3 Bf5 16. Nf3 Ne4 17. Nd2 Nd6 18. Bg4 Bxg4 19. Qxg4 f5 20. Qe2 Ra6 21. Nf3 Rfa8 22. Ng5 Qd7 23. Nf3 axb4 24. axb4 Ne4 25. Ne5 Bxe5 26. Rxa6 Rxa6 27. fxe5 Ra2 28. Rc1 Qa7 29. Rc2 Rxb2 30. g4 Rxc2 31. Qxc2 Qa1+ 32. Kg2 Qxc3 33. Qe2 Qd2 34. Qxd2 Nxd2 35. gxf5 gxf5 36. Kf2 e6 37. Ke2 c3 38. Kd3 Ne4 39. Kc2 Kf7 40. h3 Kg6 41. Kd3 Kg5 42. Kc2 Kh4 43. Kb3 Kxh3 44. Ka4 c2 45. Ka5 c1Q 46. Kb6 h5 47. Kc7 Kg4 48. Kd7 Ng5 49. Kd6 h4 50. Ke7 h3 51. Kf6 h2 52. Kg6 h1Q 0-1

[Event "Olympiad Women-43"]
[Site "Batumi"]
[Date "2018.10.02"]
[Round "8.2"]
[White "Namaganda, Christine"]
[Black "Wong, Linda Jane"]
[Result "1/2-1/2"]
[WhiteElo "1581"]
[BlackElo "1378"]
[PlyCount "132"]
[EventDate "2018.09.24"]
[EventType "team-swiss"]
[EventRounds "11"]
[EventCountry "GEO"]
[SourceTitle "EXT 2020"]
[Source "ChessBase"]
[SourceDate "2019.10.17"]
[SourceVersion "1"]
[SourceVersionDate "2019.10.17"]
[SourceQuality "1"]
[WhiteTeam "Uganda (W)"]
[BlackTeam "Chinese Taipei (W)"]
[WhiteTeamCountry "UGA"]
[BlackTeamCountry "TPE"]

1. d4 e6 2. Nf3 d5 3. e3 c6 4. Bd3 f5 5. Ne5 Nf6 6. Nd2 Nbd7 7. f4 Bd6 8. Ndf3 0-0 9. 0-0 Ne4 10. c4 Ndf6 11. c5 Be7 12. Ne1 Bd7 13. Rf3 Be8 14. Rh3 b6 15. b4 a5 16. g4 axb4 17. g5 Nc3 18. Qc2 Nfe4 19. Bxe4 fxe4 20. Qf2 Bxg5 21. Qg2 Bh4 22. Nc2 Bh5 23. Nxc6 Qf6 24. Ne5 Ne2+ 25. Kh1 Bf3 26. Nxf3 exf3 27. Rxf3 Nxc1 28. Nxb4 bxc5 29. Nc6 Nd3 30. Ne5 Nxe5 31. dxe5 Qf5 32. Rg1 g6 33. Rh3 Rxa2 34. Qxa2 Qxh3 35. Qe2 c4 36. Qh5 Qf5 37. Qxh4 Qe4+ 38. Rg2 c3 39. Qg4 Qb1+ 40. Rg1 Qe4+ 41. Rg2 Kf7 42. Qh3 h5 43. Qh4 Ke8 44. Qf2 Qb1+ 45. Rg1 c2 46. Qf1 Qxf1 47. Rxf1 Ke7 48. Rc1 Rc8 49. Kg2 Rc3 50. Kf2 Kf7 51. Ke2 Ke7 52. Kd2 Rc7 53. h4 Kd7 54. Kd3 Rc4 55. Rxc2 Rxc2 56. Kxc2 Kc6 57. Kc3 Kc5 58. Kd3 Kb5 59. Kd4 Kb4 60. e4 dxe4 61. Kxe4 Kc4 62. Ke3 Kc5 63. Ke4 Kc4 64. Ke3 Kc3 65. Ke4 Kc4 66. Ke3 Kc3 1/2-1/2

[Event "UGA Oly qual (Women)"]
[Site "Kampala"]
[Date "2018.06.19"]
[Round "11"]
[White "Mugide, Safinah"]
[Black "Namaganda, Christine"]
[Result "0-1"]
[WhiteElo "1331"]
[BlackElo "1608"]
[PlyCount "104"]
[EventDate "2018.06.09"]
[EventType "tourn"]
[EventRounds "13"]
[EventCountry "UGA"]
[SourceTitle "CBM 187 Extra"]
[Source "ChessBase"]
[SourceDate "2018.11.04"]
[SourceVersion "1"]
[SourceVersionDate "2018.11.04"]
[SourceQuality "1"]

1. Nf3 Nf6 2. d4 d6 3. c4 c5 4. d5 e5 5. Nc3 Be7 6. g3 Nbd7 7. Bg2 Nf8 8. h3 Ng6 9. Qc2 h6 10. Bd2 a6 11. g4 Nh7 12. Ne4 f5 13. gxf5 Nh4 14. Nxh4 Bxh4 15. Ng3 Bg5 16. e3 b5 17. Nh5 0-0 18. 0-0-0 Bxf5 19. e4 Bg6 20. Ng3 Rxf2 21. Rhg1 Bxd2+ 22. Rxd2 Qg5 23. Nh1 Rxd2 24. Qxd2 Qxd2+ 25. Kxd2 bxc4 26. Kc3 Nf6 27. Ng3 Rb8 28. Nf5 Bxf5 29. exf5 e4 30. Kc2 Re8 31. Re1 Re5 32. Re2 Rxd5 33. Bxe4 Nxe4 34. Rxe4 Rxf5 35. Rxc4 Rf6 36. a4 Kf7 37. a5 Ke6 38. Re4+ Kd7 39. Rg4 g5 40. b4 Rf4 41. bxc5 Rxg4 42. hxg4 dxc5 43. Kd3 Kd6 44. Kc4 Kc6 45. Kd3 Kb5 46. Kc3 Kxa5 47. Kc4 Kb6 48. Kd5 Kb5 49. Ke5 c4 50. Kf6 c3 51. Kg6 c2 52. Kxh6 c1Q 0-1

[Event "UGA Oly qual (Women)"]
[Site "Kampala"]
[Date "2018.06.15"]
[Round "7"]
[White "Namaganda, Christine"]
[Black "Nakimuli, Joan"]
[Result "1-0"]
[WhiteElo "1608"]
[BlackElo "1330"]
[PlyCount "67"]
[EventDate "2018.06.09"]
[EventType "tourn"]
[EventRounds "13"]
[EventCountry "UGA"]
[SourceTitle "CBM 187 Extra"]
[Source "ChessBase"]
[SourceDate "2018.11.04"]
[SourceVersion "1"]
[SourceVersionDate "2018.11.04"]
[SourceQuality "1"]

1. d4 b6 2. Bf4 Bb7 3. e3 e6 4. Nf3 Nc6 5. a3 h6 6. Nbd2 Nf6 7. h3 d5 8. c4 Bd6 9. Ne5 Qe7 10. Ndf3 g5 11. Bh2 0-0-0 12. Qa4 Qe8 13. Nxc6 Qxc6 14. Qxc6 Bxc6 15. Ne5 Bxe5 16. Bxe5 Nd7 17. Bxh8 Rxh8 18. f3 dxc4 19. Bxc4 Nf6 20. Rc1 Bd5 21. Bb5 Kb7 22. Kf2 Kb8 23. Rc3 Rc8 24. Rhc1 Bb7 25. e4 a5 26. Bc4 b5 27. Ba2 h5 28. e5 Nd5 29. Rc5 Nf4 30. Bb1 Ka7 31. Rxc7 Rxc7 32. Rxc7 g4 33. hxg4 hxg4 34. Rxf7 1-0

[Event "UGA Oly qual (Women)"]
[Site "Kampala"]
[Date "2018.06.10"]
[Round "2"]
[White "Takali, Milly"]
[Black "Namaganda, Christine"]
[Result "0-1"]
[WhiteElo "1542"]
[BlackElo "1608"]
[PlyCount "71"]
[EventDate "2018.06.09"]
[EventType "tourn"]
[EventRounds "13"]
[EventCountry "UGA"]
[SourceTitle "CBM 187 Extra"]
[Source "ChessBase"]
[SourceDate "2018.11.04"]
[SourceVersion "1"]
[SourceVersionDate "2018.11.04"]
[SourceQuality "1"]

1. Nf3 Nf6 2. d4 c5 3. c3 cxd4 4. cxd4 Nc6 5. Bf4 Qb6 6. b3 g6 7. e3 Qa5+ 8. Nbd2 Ne4 9. Be2 Nc3 10. Qc2 Nxe2 11. Kxe2 Bg7 12. Qc5 Qxc5 13. dxc5 Bxa1 14. Rxa1 b6 15. Rc1 Ba6+ 16. Ke1 Nb4 17. Kd1 Nd3 18. Rc3 Nxc5 19. Bg3 Rc8 20. e4 Bb7 21. Re3 0-0 22. b4 Ne6 23. a3 f5 24. Bh4 fxe4 25. Nxe4 Rc4 26. Bxe7 Rxe4 27. Bxf8 Rxe3 28. fxe3 Bxf3+ 29. gxf3 Kxf8 30. Ke2 d5 31. Kf2 Kf7 32. f4 Kf6 33. Kf3 b5 34. Kg3 d4 35. exd4 Nxd4 36. h4 0-1

[Event "Kireka op"]
[Site "Kireka"]
[Date "2017.12.31"]
[Round "7"]
[White "Namaganda, Christine"]
[Black "Waira, Ibrahim"]
[Result "1-0"]
[WhiteElo "1549"]
[BlackElo "1881"]
[PlyCount "45"]
[EventDate "2017.12.28"]
[EventType "swiss"]
[EventRounds "8"]
[EventCountry "UGA"]
[SourceTitle "EXT 2019"]
[Source "ChessBase"]
[SourceDate "2018.10.10"]
[SourceVersion "1"]
[SourceVersionDate "2018.10.10"]
[SourceQuality "1"]

1. d4 Nf6 2. Nf3 e6 3. e3 b6 4. Bd3 Bb7 5. 0-0 Be7 6. Ne5 d6 7. Ng4 Nbd7 8. f4 h5 9. Nxf6+ Nxf6 10. c4 0-0 11. f5 exf5 12. Bxf5 g6 13. Bd3 d5 14. Nd2 dxc4 15. Nxc4 c5 16. Rf4 Qc7 17. Ne5 Kg7 18. Qc2 Bd6 19. Bd2 Ng4 20. Raf1 Rae8 21. Rxf7+ Rxf7 22. Rxf7+ Qxf7 23. Nxf7 1-0

[Event "Kampala Rwabushenyi Memorial"]
[Site "Kampala"]
[Date "2017.12.03"]
[Round "8"]
[White "Namaganda, Christine"]
[Black "Kalule, Caxton"]
[Result "1-0"]
[WhiteElo "1540"]
[BlackElo "1662"]
[PlyCount "22"]
[EventDate "2017.11.30"]
[EventType "swiss"]
[EventRounds "8"]
[EventCountry "UGA"]
[SourceTitle "EXT 2019"]
[Source "ChessBase"]
[SourceDate "2018.10.10"]
[SourceVersion "1"]
[SourceVersionDate "2018.10.10"]
[SourceQuality "1"]

1. d4 Nc6 2. Nf3 d5 3. Bf4 Bg4 4. e3 f6 5. Nbd2 e5 6. h3 Bh5 7. g4 Bg6 8. dxe5 fxe5 9. Bxe5 Nxe5 10. Nxe5 Qd7 11. Nxd7 Kxd7 1-0

[Event "Kampala Rwabushenyi Memorial"]
[Site "Kampala"]
[Date "2017.12.02"]
[Round "5"]
[White "Kawuma, Patrick"]
[Black "Namaganda, Christine"]
[Result "1-0"]
[WhiteElo "2311"]
[BlackElo "1540"]
[PlyCount "91"]
[EventDate "2017.11.30"]
[EventType "swiss"]
[EventRounds "8"]
[EventCountry "UGA"]
[SourceTitle "EXT 2019"]
[Source "ChessBase"]
[SourceDate "2018.10.10"]
[SourceVersion "1"]
[SourceVersionDate "2018.10.10"]
[SourceQuality "1"]

1. Nf3 c5 2. e4 d6 3. d4 cxd4 4. Nxd4 e5 5. Nb5 a6 6. N5a3 Nf6 7. Bg5 Qa5+ 8. Qd2 Qxd2+ 9. Nxd2 Nbd7 10. c4 Be7 11. Be2 Nf8 12. Bxf6 Bxf6 13. Nc2 Ne6 14. Rd1 Be7 15. Ne3 Nd4 16. Nf3 Nxe2 17. Kxe2 0-0 18. g4 Be6 19. Rc1 Rfc8 20. b3 b6 21. Nf5 Bf8 22. Rhd1 Rd8 23. h3 g6 24. Ne3 Bc8 25. Nd5 Rb8 26. h4 h6 27. g5 h5 28. Ke3 Bg4 29. Nf6+ Kg7 30. Nxg4 hxg4 31. Nh2 Be7 32. Nxg4 f5 33. gxf6+ Bxf6 34. Nxf6 Kxf6 35. Rd2 a5 36. Rh1 Rd7 37. f4 exf4+ 38. Kxf4 Re8 39. Rd5 Re5 40. Rg1 Rxd5 41. exd5 Re7 42. Kf3 Re5 43. Rg4 Rf5+ 44. Rf4 Ke5 45. Rxf5+ Kxf5 46. Kg3 1-0

[Event "Kampala Rwabushenyi Memorial"]
[Site "Kampala"]
[Date "2017.12.01"]
[Round "4"]
[White "Namaganda, Christine"]
[Black "Kamoga, Rajab"]
[Result "1/2-1/2"]
[WhiteElo "1540"]
[BlackElo "2090"]
[PlyCount "38"]
[EventDate "2017.11.30"]
[EventType "swiss"]
[EventRounds "8"]
[EventCountry "UGA"]
[SourceTitle "EXT 2019"]
[Source "ChessBase"]
[SourceDate "2018.10.10"]
[SourceVersion "1"]
[SourceVersionDate "2018.10.10"]
[SourceQuality "1"]

1. d4 d5 2. Nf3 Nf6 3. Bf4 Bf5 4. a3 c6 5. e3 Nbd7 6. Be2 h6 7. Nbd2 e6 8. c4 Ne4 9. 0-0 g5 10. Be5 Nxe5 11. Nxe5 Bg7 12. cxd5 exd5 13. f4 gxf4 14. Rxf4 Bxe5 15. Rxf5 Bg7 16. Bh5 0-0 17. Qb3 Qb6 18. Bxf7+ Kh8 19. Qxb6 axb6 1/2-1/2